Totálna syntéza antibiotika tiokladospolidu A

Enregistré dans:
Détails bibliographiques
Auteur principal: Posnarová, Nikoleta (Auteur)
Autres auteurs: Jakubec, Pavol (Directeur de thèse)
Format: Manuscrit Livre
Langue:slovaque
Publié: 2023
Sujets:
Accès en ligne:http://is.stuba.sk/zp/portal_zp.pl?podrobnosti=165123
Tags: Ajouter un tag
Pas de tags, Soyez le premier à ajouter un tag!

MARC

LEADER 00000ntm a22000003a 4500
001 stuzp94320
003 SK-STU
005 20230909221726.8
007 ta
008 150427s2015----xo-----f-mn---000-0-slo-d
040 |a STU  |b slo 
041 0 |a slo 
100 1 |a Posnarová, Nikoleta  |u 048140  |4 aut  |U FCHPT Ústav organickej chémie, katalýzy a petrochémie  |T FCHPT Oddelenie organickej chémie  |X 112178  |U C8140  |Y 124  |7 112178 
242 0 1 |a Total synthesis of the antibiotic thiocladospolide A  |y eng 
245 1 0 |a Totálna syntéza antibiotika tiokladospolidu A 
260 |c 2023 
650 4 |a antibiotikum  |2 slo 
650 4 |a totálna syntéza  |2 slo 
650 4 |a makrolid  |2 slo 
650 4 |a tiokladospolid A  |2 slo 
650 4 |a antibiotic  |2 eng 
650 4 |a total synthesis  |2 eng 
650 4 |a macrolide  |2 eng 
650 4 |a thiocladospolide A  |2 eng 
700 1 |a Jakubec, Pavol  |u 048140  |k Z1  |4 ths  |U FCHPT Ústav organickej chémie, katalýzy a petrochémie  |T FCHPT Oddelenie organickej chémie  |X 4023  |U C8140  |Y 124  |7 A000004023 
856 4 |u http://is.stuba.sk/zp/portal_zp.pl?podrobnosti=165123